| 000 | 004650000a22001810004500 | ||
|---|---|---|---|
| 003 | MACL | ||
| 005 | 20151011173152.0 | ||
| 008 | 151011b xxu||||| |||| 00| 0 eng d | ||
| 040 |
_aMACL _cMACL |
||
| 041 | _aEnglish | ||
| 082 | _a920/DHA | ||
| 100 |
_aDhamija,Sumant _914491 |
||
| 245 | _aJassa Singh Ahluwalia (1718-1783) The Forgotten of Punjab | ||
| 260 |
_aNew Delhi _bEsha Bereillle _c2011 |
||
| 350 | _a00 | ||
| 650 |
_aBiogrophy _913822 |
||
| 942 |
_cBK _2ddc |
||
| 999 |
_c48034 _d48034 |
||